000 00478nam a2200169 i 4500
001 82454
003 ES-MaACL
005 20230906174656.0
007 t|
008 041110q1911 xxk ||||1| eng d
100 1 _aIlbert, Courtenay.
_965168
245 1 0 _aParliament its History Constitution and practice /
_cCourtenay Ilbert.
250 _aNew and rev. ed.
260 _aLondon :
_bWilliam and Norgate,
_c[1911?]
300 _a256 p. ;
_c17 cm.
852 _aES-MaACL
_jC-3071
999 _c82454
_d82454